Central Library OPAC University of Rajshahi

The law of public libraries in India (central & states) : (Record no. 874)

MARC details
000 -LEADER
fixed length control field 00915cam a22002651 4500
001 - CONTROL NUMBER
control field 874
003 - CONTROL NUMBER IDENTIFIER
rucl marc code BD-RjUL
005 - DATE AND TIME OF LATEST TRANSACTION
control field 20211208233236.0
008 - FIXED-LENGTH DATA ELEMENTS--GENERAL INFORMATION
fixed length control field 131123s1962 ii 000 0 eng
035 ## - SYSTEM CONTROL NUMBER
System control number (BD-RjUL)896
System control number (OCoLC)4786929
040 ## - CATALOGING SOURCE
Original cataloging agency DLC
Transcribing agency LU
Modifying agency DLC
-- BD-RjUL
Language of cataloging eng
041 ## - LANGUAGE CODE
Language code of text/sound track or separate title eng
082 00 - DEWEY DECIMAL CLASSIFICATION NUMBER
Edition number 22
Classification number 027
Author mark and year SAL
100 2# - MAIN ENTRY--PERSONAL NAME
Personal name Satyanarayana, K. Bala,
9 (RLIN) 2611
245 14 - TITLE STATEMENT
Title The law of public libraries in India (central & states) :
Remainder of title Containing the Andhra Pradesh Public libraries act, 1960 and the rules issued thereunder ...
Statement of responsibility, etc. K. Bala Satyanarayana With a foreword by P. Jaganmohan Reddy.
260 ## - PUBLICATION, DISTRIBUTION, ETC. (IMPRINT)
Place of publication, distribution, etc. Allahabad :
Name of publisher, distributor, etc. Law Book Co.,
Date of publication, distribution, etc. 1962.
300 ## - PHYSICAL DESCRIPTION
Pagination vi, 157 p.;
Size 22 cm.
504 ## - BIBLIOGRAPHY, ETC. NOTE
Bibliography, etc Includes index.
650 #0 - SUBJECT ADDED ENTRY--TOPICAL TERM
Topical term or geographic name as entry element Library legislation
Geographic subdivision India.
9 (RLIN) 2612
Topical term or geographic name as entry element Library legislation
Geographic subdivision India
General subdivision States.
9 (RLIN) 2613
942 ## - ADDED ENTRY ELEMENTS (KOHA)
Source of classification or shelving scheme Dewey Decimal Classification
Koha item type Books
Holdings
Lost status Source of classification or shelving scheme Damaged status Not for loan Collection code Permanent Location Current Location Shelving location Date acquired Source of acquisition Cost, normal purchase price Total Checkouts Full call number Date last seen Copy number Koha item type
  Dewey Decimal Classification   Not For Loan Non-fiction Central Library, University of Rajshahi Central Library, University of Rajshahi Reading Room 01/06/1964 PAKKISTAN , Law House 7.50   027 SAL 1962 23/11/2013 C-1 Books